| 000 | 00703nam a2200217Ia 4500 | ||
|---|---|---|---|
| 005 | 20241129111004.0 | ||
| 008 | 241129s9999||||xx |||||||||||||| ||und|| | ||
| 020 | _a978-1-4338-2892-8 | ||
| 037 | _aTB | ||
| 040 |
_aCRL _beng _cCRL |
||
| 041 |
_aeng _2eng |
||
| 084 |
_aY:45:610bS Q8 _qCRL |
||
| 100 |
_aBush Shane S. Ed.; Heck Andrew L. Ed. _9723048 |
||
| 245 | 0 |
_aForensic geropsychology:practuice essentials _cBush Shane S. Ed.; Heck Andrew L. Ed. |
|
| 260 |
_aWashington, USA _bWashington American Psychological Association _c2018 |
||
| 300 | _axiii,316p. | ||
| 365 |
_aUSD _b79.95 |
||
| 650 |
_aSociologyCrime _9726234 |
||
| 942 |
_cTB _hY:45:610bS Q8 |
||
| 999 |
_c1228417 _d1228417 |
||